[Event "37th Reykjavik op"]
[Site "Reykjavik ISL"]
[Date "2024.03.15"]
[Round "1.9"]
[White "Stanford, Sheila Barth"]
[Black "Sanal, Vahap"]
[WhiteElo "2123"]
[BlackElo "2558"]
[Result "0-1"]
[EventDate "2024.03.15"]
[PlyCount "102"]

1. e4 {[%eval 13,0]} c5 {[%eval 33,0]} 2. Nf3 {[%eval 22,0]} Nc6 {[%eval 31,0]}
3. d4 {[%eval 33,0]} cxd4 {[%eval 38,0]} 4. Nxd4 {[%eval 0,0]} g6 {[%eval 49,0]
} 5. c4 {[%eval 39,0]} Qb6 {[%eval 77,0]} 6. Nb3 {[%eval 7,0]} Bg7 {[%eval 81,
0]} 7. Be2 {[%eval 5,0]} d6 {[%eval 46,0]} 8. O-O {[%eval 41,0]} a5 {[%eval 69,
0]} 9. Be3 {[%eval 61,0]} Qd8 {[%eval 79,0]} 10. Nd4 {[%eval 79,0]} Nf6 {
[%eval 81,0]} 11. Nc3 {[%eval 72,0]} O-O {[%eval 123,0]} 12. Re1 {[%eval 69,0]}
Bd7 {[%eval 95,0]} 13. h3 $6 {[%eval 37,0] Inaccuracy. Ndb5 was best.} (13.
Ndb5 Ne5 14. Rc1 Rc8 15. b3 Neg4 16. Bd4 Bh6 17. Rc2 Ne5 18. c5 Rxc5 19. Bxc5
dxc5) 13... Nxd4 {[%eval 38,0]} 14. Bxd4 {[%eval 38,0]} Bc6 {[%eval 39,0]} 15.
Qd3 {[%eval 41,0]} a4 {[%eval 53,0]} 16. Bf1 {[%eval 38,0]} Nd7 {[%eval 38,0]}
17. Bxg7 {[%eval 32,0]} Kxg7 {[%eval 33,0]} 18. Nd5 {[%eval 0,0]} Nc5 {[%eval
1,0]} 19. Qd4+ {[%eval 43,0]} e5 {[%eval 55,0]} 20. Qe3 {[%eval 57,0]} Bxd5 {
[%eval 55,0]} 21. cxd5 {[%eval 44,0]} Qb6 {[%eval 4,0]} 22. Re2 {[%eval 35,0]}
Qb4 {[%eval 32,0]} 23. Qc3 $6 {[%eval 96,0] Inaccuracy. Rc1 was best.} (23. Rc1
) 23... Qxc3 {[%eval 92,0]} 24. bxc3 {[%eval 85,0]} a3 {[%eval 83,0]} 25. Re3 {
[%eval -96,0]} f5 {[%eval 92,0]} 26. exf5 {[%eval 88,0]} gxf5 {[%eval -92,0]}
27. f3 {[%eval -94,0]} Kf6 {[%eval -93,0]} 28. Rb1 {[%eval -78,0]} f4 {[%eval
-89,0]} 29. Ree1 {[%eval -97,0]} Rg8 {[%eval -98,0]} 30. Kf2 {[%eval -97,0]} e4
{[%eval -44,0]} 31. fxe4 {[%eval -18,0]} Rg3 {[%eval -59,0]} 32. e5+ {[%eval
-39,0]} dxe5 {[%eval -34,0]} 33. Rb6+ {[%eval -17,0]} Kf5 {[%eval -92,0]} 34.
Rh6 $6 {[%eval -145,0] Inaccuracy. Kg1 was best.} (34. Kg1 Rag8) 34... e4 $2 {
[%eval 89,0] Mistake. Ne4+ was best.} (34... Ne4+ 35. Kg1 Nf6 36. h4 Rag8 37.
c4 Rc3 38. Kh1 e4 39. Rb1 Rc2 40. d6 Rb2 41. Rd1) 35. Rxh7 $6 {[%eval -39,0]
Inaccuracy. d6 was best.} (35. d6) 35... Rag8 $2 {[%eval 46,0] Mistake. Rxc3
was best.} (35... Rxc3 36. d6 Rd8 37. Rd1 Rc2+ 38. Kg1 e3 39. Rd5+ Ke6 40. Rhh5
Nd7 41. Bd3 Rxa2 42. Rd4) 36. Rd1 $4 {[%eval -145,0] Blunder. d6 was best.} (
36. d6) 36... Rxc3 $2 {[%eval -94,0] Mistake. Nd3+ was best.} (36... Nd3+ 37.
Kg1 f3 38. Rf7+ Ke5 39. Re7+ Kf4 40. d6 Ne5 41. Rd2 fxg2 42. Rxg2 e3 43. Rxg3)
37. d6 {[%eval -93,0]} Rc2+ {[%eval 93,0]} 38. Kg1 {[%eval -83,0]} e3 {[%eval
94,0]} 39. Re7 $2 {[%eval -182,0] Mistake. g4+ was best.} (39. g4+) 39... Rd8
$2 {[%eval 61,0] Mistake. Rd2 was best.} (39... Rd2) 40. Bb5 {[%eval 71,0]} Kf6
$6 {[%eval 13,0] Inaccuracy. Rd2 was best.} (40... Rd2 41. Rf1) 41. Rc7 $4 {
[%eval -193,0] Blunder. Rf1 was best.} (41. Rf1 Rf2 42. Rxf2 exf2+ 43. Kxf2
Rxd6 44. Rc7 Rd2+ 45. Kf3 Rc2 46. h4 Rc3+ 47. Ke2 Rc1) 41... b6 {[%eval -142,0]
} 42. d7 $6 {[%eval -258,0] Inaccuracy. Rf1 was best.} (42. Rf1 Rxa2 43. Rxf4+
Ke5 44. Rf3 Rb2 45. Ra7 Kxd6 46. Rxa3 Rxb5 47. Raxe3 Rb1+ 48. Kh2 b5) 42...
Rxa2 {[%eval -121,0]} 43. Rd6+ {[%eval -263,0]} Ke7 {[%eval -274,0]} 44. Rxb6 {
[%eval -271,0]} e2 {[%eval -288,0]} 45. Kf2 {[%eval -283,0]} Ne4+ {[%eval -285,
0]} 46. Ke1 {[%eval -284,0]} Ng3 {[%eval -295,0]} 47. Rc1 $6 {[%eval -361,0]
Inaccuracy. Kf2 was best.} (47. Kf2 Ne4+ 48. Ke1 Rb2 49. Rcc6 a2 50. Ra6 Rxb5
51. Re6+ Kxd7 52. Rxe4 Rb1+ 53. Kxe2 a1=Q) 47... Rb2 {[%eval -373,0]} 48. Rb7
$6 {[%eval -416,0] Inaccuracy. Ra6 was best.} (48. Ra6 Rxb5 49. Rxa3 Re5 50.
Rf3 Rxd7 51. Ra1 Re4 52. Rfa3 Kf6 53. Ra6+ Kg7 54. Rb1 Nf5) 48... a2 {[%eval
-468,0]} 49. Bc6 $6 {[%eval -668,0] Inaccuracy. Bc4 was best.} (49. Bc4 Rxb7
50. Bxa2 Rb5 51. Bc4 Rc5 52. Rc2 Rxd7 53. Rxe2+ Kf6 54. Rc2 Rdc7 55. h4 Rxc4)
49... Rxb7 {[%eval -1072,0]} 50. Bxb7 {[%eval -905,0]} Rxd7 {[%eval -849,0]}
51. Bf3 {[%eval -746,0]} Rd1+ {[%eval -696,0]} 0-1

[Event "37th Reykjavik op"]
[Site "Reykjavik ISL"]
[Date "2024.03.15"]
[Round "1.10"]
[White "Steingrimsson, Hedinn"]
[Black "Jaksland, Tim"]
[WhiteElo "2477"]
[BlackElo "2076"]
[Result "1-0"]
[EventDate "2024.03.15"]
[PlyCount "71"]

1. e4 {[%eval 13,0]} Nf6 $6 {[%eval 71,0] Inaccuracy. e5 was best.} (1... e5 2.
Nf3 Nc6 3. Bb5 Nf6 4. O-O Nxe4 5. Re1 Nd6 6. Nxe5) 2. e5 {[%eval 74,0]} Nd5 {
[%eval 72,0]} 3. d4 {[%eval 54,0]} d6 {[%eval 79,0]} 4. c4 {[%eval 48,0]} Nb6 {
[%eval 78,0]} 5. exd6 {[%eval 25,0]} cxd6 {[%eval 51,0]} 6. Nc3 {[%eval 91,0]}
g6 {[%eval 68,0]} 7. h3 {[%eval 52,0]} Bg7 {[%eval 62,0]} 8. Nf3 {[%eval 91,0]}
O-O {[%eval 65,0]} 9. Be2 {[%eval 74,0]} Bf5 {[%eval 65,0]} 10. O-O {[%eval 71,
0]} Nc6 {[%eval 74,0]} 11. Bg5 {[%eval 32,0]} h6 {[%eval 34,0]} 12. Be3 {
[%eval 3,0]} d5 {[%eval 42,0]} 13. c5 {[%eval 18,0]} Nc4 {[%eval 22,0]} 14. Bc1
{[%eval 24,0]} e5 {[%eval 26,0]} 15. dxe5 {[%eval 22,0]} N6xe5 {[%eval 62,0]}
16. Nd4 {[%eval 63,0]} Bc8 $6 {[%eval 126,0] Inaccuracy. Bd7 was best.} (16...
Bd7 17. Nxd5) 17. b3 {[%eval 121,0]} Nc6 {[%eval 142,0]} 18. Nxc6 {[%eval 142,
0]} bxc6 {[%eval 143,0]} 19. bxc4 {[%eval 154,0]} Bxc3 {[%eval 156,0]} 20. Bxh6
{[%eval 142,0]} Be6 $6 {[%eval 215,0] Inaccuracy. Bg7 was best.} (20... Bg7 21.
Bxg7) 21. Rc1 $6 {[%eval 139,0] Inaccuracy. Bxf8 was best.} (21. Bxf8) 21...
Bg7 {[%eval 111,0]} 22. Bxg7 {[%eval 101,0]} Kxg7 {[%eval 114,0]} 23. Qa4 $6 {
[%eval 36,0] Inaccuracy. Bg4 was best.} (23. Bg4) 23... dxc4 $6 {[%eval 96,0]
Inaccuracy. d4 was best.} (23... d4) 24. Bxc4 {[%eval 97,0]} Bxc4 {[%eval 102,
0]} 25. Rxc4 {[%eval 102,0]} Qc7 $6 {[%eval 187,0] Inaccuracy. Qf6 was best.} (
25... Qf6 26. f4) 26. Rd1 {[%eval 222,0]} Rab8 {[%eval 275,0]} 27. Rd6 {
[%eval 286,0]} Rb5 $2 {[%eval 491,0] Mistake. Rfd8 was best.} (27... Rfd8 28.
Qa3) 28. Rh4 {[%eval 434,0]} f6 {[%eval 446,0]} 29. Qd4 {[%eval 426,0]} Rf7 {
[%eval 471,0]} 30. Re4 {[%eval 421,0]} Qb8 $6 {[%eval 605,0] Inaccuracy. a5
was best.} (30... a5 31. a3 Qa7 32. Rxc6 Qb8 33. Re1 Rb1 34. Rxb1 Qxb1+ 35. Kh2
Qf5 36. Rd6 Re7 37. c6) 31. Re7 {[%eval 573,0]} Rb1+ {[%eval 619,0]} 32. Kh2 {
[%eval 609,0]} Qb2 $4 {[%eval 32748,0] Checkmate is now unavoidable. Qxd6+ was
best.} (32... Qxd6+ 33. Qxd6 g5 34. Rxf7+ Kxf7 35. Qxc6 Rc1 36. Qd7+ Kg6 37.
Qe8+ Kg7 38. Qe7+ Kg6 39. Qe4+) 33. Rxf7+ {[%eval 3406,0]} Kxf7 {[%eval 3495,0]
} 34. Rd7+ {[%eval 32752,0]} Kg8 {[%eval 32760,0]} 35. Qc4+ {[%eval 32762,0]}
Kh8 {[%eval 32762,0]} 36. Qh4+ {[%eval 32764,0]} 1-0

[Event "37th Reykjavik op"]
[Site "Reykjavik ISL"]
[Date "2024.03.15"]
[Round "1.11"]
[White "Li, Harry"]
[Black "Can, Emre"]
[WhiteElo "2107"]
[BlackElo "2551"]
[Result "0-1"]
[EventDate "2024.03.15"]
[PlyCount "60"]

1. e4 {[%eval 13,0]} c5 {[%eval 33,0]} 2. Nf3 {[%eval 22,0]} d6 {[%eval 0,0]}
3. d4 {[%eval 18,0]} cxd4 {[%eval 13,0]} 4. Nxd4 {[%eval 27,0]} Nf6 {[%eval 3,
0]} 5. Nc3 {[%eval 21,0]} Nc6 {[%eval 47,0]} 6. Bg5 {[%eval 42,0]} e6 {[%eval
23,0]} 7. Qd2 {[%eval 37,0]} a6 {[%eval 29,0]} 8. f4 {[%eval 35,0]} h6 {
[%eval 4,0]} 9. Bxf6 {[%eval 44,0]} Qxf6 {[%eval 43,0]} 10. O-O-O $2 {[%eval
-84,0] Mistake. Nxc6 was best.} (10. Nxc6 bxc6 11. O-O-O Qd8 12. Bc4 Be7 13.
Bb3 d5 14. Kb1 O-O 15. g4 a5 16. h4 Bb4) 10... Nxd4 {[%eval -93,0]} 11. Qxd4 {
[%eval -88,0]} Qxf4+ {[%eval -86,0]} 12. Kb1 {[%eval 99,0]} Qe5 {[%eval -98,0]}
13. Qb6 {[%eval -99,0]} Be7 {[%eval -96,0]} 14. Be2 {[%eval -93,0]} Bd8 {
[%eval -97,0]} 15. Qxd6 {[%eval -97,0]} Qxd6 {[%eval -97,0]} 16. Rxd6 {[%eval
-85,0]} (16. Rd3 Qd5 17. Rxd5 Bc7 18. Rd3 Bd7 19. g4 Ke7 20. h3) 16... Bc7 {
[%eval 92,0]} 17. Rd3 {[%eval 84,0]} Bd7 {[%eval 85,0]} 18. g4 $6 {[%eval -94,
0] Inaccuracy. Rhd1 was best.} (18. Rhd1) 18... Ke7 {[%eval -25,0]} 19. h3 {
[%eval -39,0]} Bc6 {[%eval -62,0]} 20. Rf1 {[%eval -18,0]} Be5 {[%eval -23,0]}
21. Bf3 {[%eval -38,0]} Rhd8 {[%eval -24,0]} 22. Rfd1 {[%eval -11,0]} g5 {
[%eval -31,0]} 23. Rxd8 $6 {[%eval -161,0] Inaccuracy. a3 was best.} (23. a3 a5
24. Na2 Rxd3 25. Rxd3 Rg8 26. Nc3 Rg6 27. Re3 Be8 28. Ne2 Rf6 29. Nc1) 23...
Rxd8 {[%eval -142,0]} 24. Rxd8 {[%eval -132,0]} Kxd8 {[%eval -155,0]} 25. Ne2 {
[%eval -124,0]} f5 {[%eval -137,0]} 26. c3 {[%eval -105,0]} fxe4 {[%eval -109,
0]} 27. Bg2 {[%eval -125,0]} Kc7 {[%eval -118,0]} 28. Kc2 {[%eval -131,0]} Kd6
{[%eval -193,0]} 29. Nc1 {[%eval -291,0]} Bf4 {[%eval -288,0]} 30. Nb3 {
[%eval -251,0]} e3 {[%eval -246,0]} 0-1

[Event "37th Reykjavik op"]
[Site "Reykjavik ISL"]
[Date "2024.03.15"]
[Round "1.12"]
[White "Maze, Sebastien"]
[Black "Gikas, Andreas Basilius"]
[WhiteElo "2551"]
[BlackElo "2104"]
[Result "1-0"]
[EventDate "2024.03.15"]
[PlyCount "75"]

1. d4 {[%eval 15,0]} d5 {[%eval 25,0]} 2. g3 {[%eval 0,0]} Bf5 {[%eval 11,0]}
3. Nf3 {[%eval 0,0]} e6 {[%eval 0,0]} 4. c4 {[%eval 0,0]} Nf6 {[%eval 9,0]} 5.
Nc3 {[%eval 0,0]} Bb4 {[%eval 36,0]} 6. Qa4+ {[%eval 48,0]} Nc6 {[%eval 61,0]}
7. Ne5 {[%eval 56,0]} O-O {[%eval 71,0]} 8. Nxc6 {[%eval 43,0]} Bxc3+ {[%eval
55,0]} 9. bxc3 {[%eval 51,0]} bxc6 {[%eval 45,0]} 10. Bg2 {[%eval 39,0]} Qd7 {
[%eval 53,0]} 11. O-O {[%eval 12,0]} h6 {[%eval 49,0]} 12. Re1 {[%eval 47,0]}
Bg6 {[%eval 62,0]} 13. Bf4 {[%eval 63,0]} Rfb8 {[%eval 72,0]} 14. cxd5 {
[%eval 62,0]} exd5 {[%eval 71,0]} 15. c4 {[%eval 66,0]} Rb2 {[%eval 71,0]} 16.
Rac1 {[%eval 76,0]} Be4 {[%eval 67,0]} 17. f3 {[%eval 7,0]} Bf5 {[%eval 82,0]}
18. cxd5 {[%eval 4,0]} cxd5 {[%eval 59,0]} 19. Qxd7 {[%eval 4,0]} Bxd7 {
[%eval 32,0]} 20. Rxc7 {[%eval 19,0]} (20. Rc3 c6 21. Rxc6 Rxa2 22. Rc7 Be6 23.
Be5) 20... Rxa2 {[%eval 2,0]} 21. Be5 {[%eval 24,0]} Be6 {[%eval 35,0]} 22.
Bxf6 {[%eval 29,0]} gxf6 {[%eval 35,0]} 23. f4 {[%eval 15,0]} Rd8 {[%eval 64,0]
} 24. Kf2 {[%eval 63,0]} Bf5 {[%eval 84,0]} 25. Rec1 {[%eval 69,0]} Bg4 $2 {
[%eval 186,0] Mistake. Re8 was best.} (25... Re8 26. Bf3 Kg7 27. R1c3 Be4 28.
Re3 Rd2 29. Bh5 Rf8 30. Ra3 Rxd4 31. Raxa7 Bg6 32. Bg4) 26. Re7 {[%eval 194,0]}
a5 $6 {[%eval 293,0] Inaccuracy. Rd6 was best.} (26... Rd6 27. h3) 27. Rcc7 {
[%eval 271,0]} Be6 {[%eval 207,0]} 28. Bf3 $6 {[%eval 193,0] Inaccuracy. f5
was best.} (28. f5 Bxf5 29. Rxf7 Re8 30. Bf3 Be4 31. Bg4 Rf8 32. Rfe7 Kh8 33.
Bf3 Ra8 34. Bxe4 dxe4) 28... a4 $2 {[%eval 306,0] Mistake. f5 was best.} (28...
f5 29. Bh5 Rf8 30. g4 fxg4 31. f5 Bxf5 32. Bxf7+ Kh8 33. Bxd5 Rd2 34. Ke3 Rc2
35. Rf7) 29. Bh5 $2 {[%eval 214,0] Mistake. g4 was best.} (29. g4 Kf8 30. Ra7
Ra8 31. f5 Ra3 32. fxe6 Rxa7 33. Rxa7 fxe6 34. Kg2 Ke8 35. e4 dxe4) 29... Rf8
$4 {[%eval 447,0] Blunder. f5 was best.} (29... f5 30. Ra7 Rf8 31. h3 Rd2 32.
Rxa4 Kg7 33. g4 Kf6 34. Rea7 Bc8 35. Ra8 Kg7 36. g5) 30. g4 {[%eval 452,0]} f5
{[%eval 434,0]} 31. gxf5 {[%eval 432,0]} Bxf5 {[%eval 454,0]} 32. Rxf7 $6 {
[%eval 358,0] Inaccuracy. Bxf7+ was best.} (32. Bxf7+ Kh8 33. Bxd5 Ra3 34. Bf3
h5 35. Rc6 Rd8 36. Rf6 Bb1 37. Ra6 Kg8 38. Bd5+ Kf8) 32... Be4 {[%eval 374,0]}
33. f5 {[%eval 369,0]} Rxf7 {[%eval 363,0]} 34. Bxf7+ {[%eval 302,0]} Kh8 {
[%eval 389,0]} 35. f6 {[%eval 349,0]} Bf5 $6 {[%eval 536,0] Inaccuracy. Rc2
was best.} (35... Rc2 36. Re7 Rc8 37. Kg3 Ra8 38. Be6 Bg6 39. Bxd5 Ra6 40. e4
a3 41. Rc7 Rxf6 42. Ra7) 36. Bxd5 {[%eval 505,0]} Rb2 {[%eval 554,0]} 37. f7 {
[%eval 497,0]} Kg7 {[%eval 491,0]} 38. f8=B+ {[%eval 471,0]} 1-0

[Event "37th Reykjavik op"]
[Site "Reykjavik ISL"]
[Date "2024.03.15"]
[Round "1.13"]
[White "Rittmann, Dirk"]
[Black "Adhiban, B.."]
[WhiteElo "2103"]
[BlackElo "2541"]
[Result "0-1"]
[EventDate "2024.03.15"]
[PlyCount "116"]

1. e4 {[%eval 13,0]} c6 {[%eval 24,0]} 2. d4 {[%eval 28,0]} d5 {[%eval 31,0]}
3. e5 {[%eval 19,0]} Bf5 {[%eval 38,0]} 4. Nf3 {[%eval 3,0]} e6 {[%eval 3,0]}
5. Be2 {[%eval 29,0]} Ne7 {[%eval 51,0]} 6. O-O {[%eval 36,0]} c5 {[%eval 11,0]
} 7. dxc5 {[%eval 11,0]} Nec6 {[%eval 24,0]} 8. Be3 {[%eval 21,0]} Nd7 {
[%eval 16,0]} 9. c4 {[%eval 21,0]} dxc4 {[%eval 22,0]} 10. Na3 {[%eval 24,0]}
Bxc5 {[%eval 16,0]} 11. Bxc5 {[%eval 13,0]} Nxc5 {[%eval 14,0]} 12. Nxc4 {
[%eval 12,0]} O-O {[%eval 24,0]} 13. Rc1 {[%eval 1,0]} Bg6 {[%eval 17,0]} 14.
Nd6 {[%eval 22,0]} Qb6 {[%eval 24,0]} 15. Nc4 {[%eval 24,0]} Qd8 {[%eval 25,0]}
16. Nd6 {[%eval 45,0]} b6 $6 {[%eval 132,0] Inaccuracy. Qb6 was best.} (16...
Qb6) 17. a3 $6 {[%eval 62,0] Inaccuracy. Bb5 was best.} (17. Bb5 Nb4 18. Rc4 a6
19. Rxb4 axb5 20. a3 Bd3 21. Re1 Bc4 22. Nxb5 Bxb5 23. Qxd8 Rfxd8) 17... a5 {
[%eval 83,0]} 18. Bb5 {[%eval 9,0]} Ne7 $6 {[%eval 169,0] Inaccuracy. Na7 was
best.} (18... Na7 19. b4 Ne4 20. Bd3 Nxd6 21. Bxg6 Ndb5 22. Bd3 axb4 23. axb4
g6 24. Rc4 Rc8 25. Rh4) 19. b4 {[%eval 143,0]} axb4 {[%eval 142,0]} 20. axb4 {
[%eval 143,0]} Na6 {[%eval 137,0]} 21. Qd4 $6 {[%eval 62,0] Inaccuracy. Qd2
was best.} (21. Qd2) 21... Nc7 {[%eval 76,0]} 22. Qxb6 $6 {[%eval 5,0]
Inaccuracy. Bc4 was best.} (22. Bc4 Bh5 23. Ng5 Ned5 24. f4 Nxb4 25. Bxe6 fxe6
26. Qe4 Bg6 27. Qxb4 Nd5 28. Qd2 Qd7) 22... Ned5 {[%eval 3,0]} 23. Qc5 {
[%eval 1,0]} Nxb5 {[%eval 2,0]} 24. Nxb5 {[%eval 0,0]} Bd3 {[%eval 1,0]} 25.
Rfe1 {[%eval 9,0]} Bxb5 {[%eval 2,0]} 26. Qxb5 {[%eval 4,0]} Rb8 {[%eval 3,0]}
27. Qc5 {[%eval 17,0]} Rxb4 {[%eval 14,0]} 28. g3 {[%eval 12,0]} Rb2 {[%eval
15,0]} 29. Rc2 {[%eval 12,0]} Rb7 {[%eval 9,0]} 30. Qd4 {[%eval 17,0]} Rb3 {
[%eval 1,0]} 31. Qe4 {[%eval 1,0]} Rb4 {[%eval 14,0]} 32. Rc4 {[%eval 17,0]}
Rb8 {[%eval 22,0]} 33. Rec1 {[%eval 7,0]} h6 {[%eval 7,0]} 34. Kg2 {[%eval 3,0]
} Qa5 {[%eval 7,0]} 35. Nd4 {[%eval 8,0]} Qa8 {[%eval 11,0]} 36. Nf3 {[%eval
11,0]} Rb2 {[%eval 8,0]} 37. R4c2 {[%eval 6,0]} Rb3 {[%eval 14,0]} 38. Rc6 {
[%eval 16,0]} Nb4 {[%eval 4,0]} 39. R6c4 {[%eval 7,0]} Nd5 {[%eval 0,0]} 40.
Rc6 {[%eval 13,0]} Qb7 {[%eval 7,0]} 41. Nd2 {[%eval 15,0]} Rb5 {[%eval 6,0]}
42. Kg1 {[%eval 6,0]} Rd8 {[%eval 1,0]} 43. R6c2 {[%eval 7,0]} Qb8 {[%eval 8,0]
} 44. Nf3 {[%eval 1,0]} Rb4 {[%eval 14,0]} 45. Rc4 {[%eval 15,0]} Rxc4 {
[%eval 8,0]} 46. Qxc4 {[%eval 9,0]} Qb2 {[%eval 15,0]} 47. Re1 {[%eval 14,0]}
Ra8 {[%eval 17,0]} 48. Qe2 {[%eval 17,0]} Qc3 {[%eval 18,0]} 49. Kg2 {[%eval
19,0]} Ra3 {[%eval 23,0]} 50. Rb1 {[%eval 18,0]} g6 {[%eval 26,0]} 51. Qe4 {
[%eval 26,0]} Ra2 {[%eval 32,0]} 52. Kg1 {[%eval 27,0]} Qc5 {[%eval 26,0]} 53.
Qd4 {[%eval 59,0]} Qc2 {[%eval 55,0]} 54. Re1 {[%eval 49,0]} Kg7 {[%eval 36,0]}
55. Kg2 {[%eval 45,0]} Ne7 {[%eval 28,0]} 56. Rd1 $4 {[%eval -483,0] Blunder.
Ra1 was best.} (56. Ra1 Rb2 57. Ne1 Qe2 58. Nd3 Rd2 59. Nf4 Rxd4 60. Nxe2 Re4
61. Nf4 Rxe5 62. h4 g5) 56... Nf5 {[%eval -483,0]} 57. Qd2 {[%eval -495,0]} Qb3
{[%eval -305,0]} 58. Qd8 Qxd1 0-1

[Event "37th Reykjavik op"]
[Site "Reykjavik ISL"]
[Date "2024.03.15"]
[Round "1.14"]
[White "Fernandez, Daniel Howard"]
[Black "Maack, Kjartan"]
[WhiteElo "2532"]
[BlackElo "2102"]
[Result "1-0"]
[EventDate "2024.03.15"]
[PlyCount "79"]

1. e4 {[%eval 13,0]} e6 {[%eval 0,0]} 2. d4 {[%eval 41,0]} d5 {[%eval 21,0]} 3.
Nd2 {[%eval 12,0]} Nf6 $6 {[%eval 69,0] Inaccuracy. c5 was best.} (3... c5 4.
exd5 Qxd5 5. Ngf3 cxd4 6. Bc4 Qd7 7. O-O Nc6 8. Nb3) 4. e5 {[%eval 54,0]} Nfd7
{[%eval 4,0]} 5. c3 {[%eval 58,0]} c5 {[%eval 36,0]} 6. f4 {[%eval 76,0]} Nc6 {
[%eval 33,0]} 7. Ndf3 {[%eval 13,0]} Qb6 {[%eval 62,0]} 8. g3 {[%eval 34,0]}
cxd4 {[%eval 5,0]} 9. cxd4 {[%eval 54,0]} Bb4+ {[%eval 73,0]} 10. Kf2 {[%eval
76,0]} f6 {[%eval 84,0]} 11. Kg2 {[%eval 85,0]} fxe5 $6 {[%eval 177,0]
Inaccuracy. g5 was best.} (11... g5 12. exf6) 12. fxe5 {[%eval 162,0]} O-O {
[%eval 153,0]} 13. Bd3 {[%eval 124,0]} Nxd4 {[%eval 164,0]} 14. Nxd4 {[%eval
139,0]} Nxe5 {[%eval 142,0]} 15. Ngf3 {[%eval 138,0]} Nxf3 {[%eval 144,0]} 16.
Nxf3 {[%eval 137,0]} e5 {[%eval 103,0]} 17. Bc2 {[%eval 135,0]} Bg4 {[%eval
159,0]} 18. Qxd5+ {[%eval 169,0]} Kh8 {[%eval 117,0]} 19. Be4 $2 {[%eval 41,0]
Mistake. Rf1 was best.} (19. Rf1) 19... Qa6 {[%eval 3,0]} 20. Rf1 $4 {[%eval
-278,0] Blunder. Bd3 was best.} (20. Bd3 Rad8) 20... Bh3+ {[%eval -299,0]} 21.
Kxh3 {[%eval -142,0]} Qxf1+ {[%eval -128,0]} 22. Kg4 {[%eval -146,0]} h5+ {
[%eval -127,0]} 23. Kh4 {[%eval -121,0]} Be7+ {[%eval -115,0]} 24. Bg5 {
[%eval -125,0]} Bxg5+ {[%eval -125,0]} 25. Nxg5 $6 {[%eval -295,0] Inaccuracy.
Kxg5 was best.} (25. Kxg5 Qxa1 26. Nxe5 Qc1+ 27. Kh4 Rf6 28. Ng6+ Rxg6 29. Bxg6
Qe3 30. Qxh5+ Qh6 31. Qxh6+ gxh6) 25... Qxa1 {[%eval -265,0]} 26. Qxb7 {
[%eval -239,0]} Qf1 {[%eval -242,0]} 27. Qc6 {[%eval -202,0]} Qf6 {[%eval -395,
0]} 28. Qxf6 {[%eval -379,0]} gxf6 {[%eval -381,0]} 29. Ne6 {[%eval -389,0]}
Rab8 {[%eval -385,0]} 30. Nxf8 {[%eval -389,0]} Rxf8 {[%eval -397,0]} 31. Kxh5
{[%eval -391,0]} f5 {[%eval -388,0]} 32. Bd5 {[%eval -393,0]} f4 $2 {[%eval
-181,0] Mistake. Rd8 was best.} (32... Rd8 33. Bc4 e4 34. Kg5 e3 35. a3 Rd2 36.
b4 Rxh2 37. Kxf5 e2 38. Bxe2 Rxe2 39. Kf6) 33. Kg4 $6 {[%eval -300,0]
Inaccuracy. gxf4 was best.} (33. gxf4 Rxf4 34. Kg5 Rf2 35. a4 Rxb2 36. Kf5 Rb4
37. Bc6 e4 38. Kf4 Kg7 39. Bb5 Kh6) 33... Kg7 $6 {[%eval -174,0] Inaccuracy.
fxg3 was best.} (33... fxg3 34. hxg3 Kg7 35. Kg5 Rf2 36. a3 Kf8 37. b4 Ke7 38.
g4 Rf4 39. Bb7 Kd6 40. Bg2) 34. b3 $6 {[%eval -266,0] Inaccuracy. gxf4 was
best.} (34. gxf4 Rxf4+ 35. Kg5 Rf2 36. a4 Rxb2 37. Kf5 Rb4 38. Bc6 e4 39. Kf4
Kf6 40. h4 Rc4) 34... Rd8 {[%eval -297,0]} 35. Be4 {[%eval -278,0]} fxg3 {
[%eval -239,0]} 36. hxg3 {[%eval -255,0]} Kf6 {[%eval -278,0]} 37. Kf3 {
[%eval -273,0]} Kg5 {[%eval -106,0]} 38. g4 {[%eval -285,0]} Rc8 {[%eval -125,
0]} 39. Bf5 {[%eval -117,0]} Kf6 $4 {[%eval 807,0] Blunder. Rc1 was best.} (
39... Rc1 40. Bd3 Rg1 41. Ke4 Kf6 42. Kf3 Rh1 43. Ke4 Rh4 44. Be2 Rh2 45. Bf3
Ke6 46. a4) 40. Bxc8 {[%eval 764,0]} 1-0